Statystyki dla Państwa, które produkują najwięcej Bananów

Kliknij tutaj aby rozwiązać quiz!

Ogólne statystyki

  • Ten quiz został rozwiązany 34 razy
  • Średni wynik to 11 z 20

Statystyki odpowiedzi

HintOdpowiedź% Poprawnych
6,6 mln tBrazylia
90%
11,8 mln tChiny
79%
31,5 mln tIndie
79%
8,1 mln tIndonezja
76%
2,4 mln tKolumbia
76%
2,4 mln tMeksyk
69%
6 mln tEkwador
66%
2,3 mln tPeru
66%
1,8 mln tKenia
62%
1,3 mln tTajlandia
62%
2,5 mln tKostaryka
55%
2,1 mln tWietnam
55%
1,3 mln tEgipt
48%
5,9 mln tFilipiny
45%
3,4 mln tTanzania
45%
4,1 mln tAngola
41%
1,2 mln tDominikana
41%
4,4 mln tGwatemala
31%
1,2 mln tPapua Nowa Gwinea
28%
1,2 mln tBurundi
14%

Rozkład punktacji

Percentyl według liczby udzielonych odpowiedzi

Procent ludzi z każdym wynikiem

Twoja historia wyników

Nie rozwiązałeś tego quizu